=LDR 00000nam 2200000 4500 =001 INLIS000000000000815 =005 20130612085236 =008 ***********************************Ind** =035 ##$$0010-061300000000815 =041 ##$$a Ind =082 ##$$a 92(Kartawijono) =090 ##$$a 92(Kartawijono), Ram-m =100 ##$$a Rambe, Hanna =245 ##$$a Mencari makna hidupku, bunga rampai perjalanan Suyatin Kartowijono, Hanna Rambe =260 ##$$a 1983 $b Jakarta =300 ##$$a 235 hlm, ilus, 21 cm =650 ##$$a Kartowijono, Suyatin =850 ##$$a NBPNMAT